| 000 | 01098nam a22002657a 4500 | ||
|---|---|---|---|
| 001 | 768714001 | ||
| 003 | CO-MdFUSB | ||
| 005 | 20251114125244.0 | ||
| 007 | ta | ||
| 008 | 180508n[ ] ag ||||| |||| 00| 0 spa d | ||
| 040 |
_aCO-MdFUSB _bspa _cCO-MdFUSB _dCO-MdFUSBC _erda |
||
| 041 | 0 | _aspa | |
| 082 | 0 | 4 |
_a230 _223 _bA657c |
| 100 | 1 |
_aTomás de Aquino, Santo (1224-1274) _eautor |
|
| 245 | 0 |
_aCompendio de la suma teológica _c/ Santo Tomás de Aquino ; traducido por Raimundo Suárez |
|
| 264 | 1 |
_aBuenos Aires, Argentina : _bDifusión, _c[fecha desconocida] |
|
| 300 | _a359 Pag. | ||
| 336 |
_2rdacontent _atexto _btxt |
||
| 337 |
_2rdamedia _asin mediación _bn |
||
| 338 |
_2rdacarrier _avolumen _bnc |
||
| 505 | 0 | 0 | _a- Dios: Creador y soberano Señor de todas la cosas - Hombre: Procede de Dios y a Dios debe de volver - Nociones generales - Estudio concreto de los medio que deben emplear el hombre para volver a Dios - Jesucristo: Unico camino para que el hombre vuelva a Dios - |
| 650 | 0 |
_aTeología dogmática _91260 _xHistoria _yEdad Media, 600-1500 |
|
| 942 | _cBK | ||
| 945 | _aJTF-925 | ||
| 999 |
_c33795 _d33795 |
||